[Event "Sampa Chess Open 2024"]
[Site "Sao Paulo"]
[Date "2024.01.30"]
[Round "3.38"]
[White "Aragao Neto, Joao Batista"]
[Black "Baena, Mauricio"]
[Result "1-0"]
[WhiteElo "1585"]
[BlackElo "1180"]
[PlyCount "117"]
[EventDate "2024.01.29"]
[EventRounds "9"]
[EventCountry "BRA"]

1. d4 {Vidit,S} c6 2. c4 d5 3. cxd5 cxd5 4. Nc3 Nc6 5. Bf4 Bf5 6. e3 Nf6 7. h3
({RR} 7. Rc1 Rc8 8. Nf3 e6 9. Qb3 Bb4 10. Bb5 Bxc3+ 11. bxc3 ({RR} 11. Qxc3 a6
12. Be2 Ne4 13. Qa3 g5) 11... O-O 12. Bxc6 Rxc6 13. Qxb7 Qc8 14. Qxc8 Rfxc8 15.
Ne5 Rxc3 16. Rxc3 Rxc3 17. O-O h6 ({RR} 17... Nh5 18. g4 ({RR} 18. Bg5 f6 19.
g4 fxe5 20. gxf5 exd4 21. fxe6 Rc6) 18... Nxf4 19. exf4 Bc2 20. Re1 f6 21. Nd7
Rc4 22. Nc5 Rxd4 23. Nxe6 Ra4 24. f3) 18. h4 Ne4 19. g4 Bh7 20. Rb1 g5 21. hxg5
hxg5 {Carlsen,M (2881)-Anand,V (2785) Dubai 2014 CBM 160 Extra [Vidit,S] 0-1 
(60)}) ({RR} 7. Qb3) 7... e6 8. Nf3 Bd6 $146 ({RR} 8... h6 9. Bb5 Nd7 10. Qa4
Rc8 11. O-O a6 12. Bxc6 Rxc6 13. Rac1 Bd3 14. Rfe1 Be7 15. Qd1 Bg6 16. a3 Qc8
17. Qd2 O-O 18. Ne2 Bc2 19. Bg3 b5 20. Nf4 Rc4 21. Qe2 b4 22. Ra1 bxa3 23. bxa3
{Tan,R (2166)-Santos,M (2064) Manila 1990 0-1 (63)}) ({RR} 8... Be7 9. Be2 O-O
10. O-O Rc8 11. Nh4 Be4 12. f3 Bg6 13. Nxg6 hxg6 14. Bg3 Nh5 15. Bf2 Bh4 16.
Qe1 Bxf2+ 17. Qxf2 Qd6 18. Rfd1 Ng3 19. Bd3 Nf5 20. Rac1 Na5 21. Nb5 Qb6 22. e4
dxe4 23. fxe4 {Bivol,A (2371)-Markelova,L (2198) Sochi RUS 2019 1-0 (41)}) 9.
Bxd6 Qxd6 10. Nh4 O-O 11. Nxf5 exf5 12. Bd3 Ne4 13. Qf3 Nb4 14. Bb1 Qa6 15. Qe2
Qxe2+ 16. Kxe2 g6 17. a3 Nxc3+ 18. bxc3 Na6 19. Ba2 Rfd8 20. Rab1 b6 21. c4 Nc7
22. Rhc1 Rd7 23. cxd5 Nxd5 24. Bxd5 Rxd5 25. Rc7 f4 26. Rbc1 Re8 27. Kf3 fxe3
28. fxe3 Ra5 29. R1c3 Kg7 30. e4 Ra4 31. R7c4 Ra6 32. Kf4 b5 33. Rb4 Rf6+ 34.
Ke3 a6 35. d5 Rf1 36. Kd4 Rd1+ 37. Rd3 Re1 38. Re3 Rd1+ 39. Kc5 Rc1+ 40. Kb6
Rcc8 41. Kxa6 Re7 42. Kxb5 Re5 43. Rd4 f5 44. a4 Re7 45. a5 Rb7+ 46. Ka4 Rcb8
47. e5 Rb1 48. d6 Kf7 49. e6+ Kf6 50. e7 Ra1+ 51. Ra3 Rxa3+ 52. Kxa3 Ke6 53.
Ka4 Ra8 54. Kb5 h5 55. a6 g5 56. Kb6 g4 57. Kb7 gxh3 58. gxh3 Re8 59. a7 1-0

[Event "Sampa Chess Open 2024"]
[Site "Sao Paulo"]
[Date "2024.01.30"]
[Round "3.39"]
[White "Kassab, Alexandre T Canelas"]
[Black "Mattos, Bernardo Cunha"]
[Result "1-0"]
[WhiteElo "1800"]
[BlackElo "1567"]
[PlyCount "69"]
[EventDate "2024.01.29"]
[EventRounds "9"]
[EventCountry "BRA"]

1. d4 d5 2. c4 e6 3. Nf3 Nf6 4. Nc3 Be7 5. e3 O-O 6. Bd3 dxc4 7. Bxc4 b6 8. O-O
Bb7 9. Qe2 Nbd7 ({RR} 9... Ne4 10. Nxe4 Bxe4 11. Rd1 Nd7 12. Ne1 Bd6 13. f3 Bb7
14. e4 c5 15. Be3 cxd4 16. Rxd4 Qc7 17. Rc1 Bxh2+ 18. Kh1 Be5 19. Bxe6 Nc5 20.
Rd7 Qc6 21. Bh3 Bc8 22. Rd5 Qf6 23. Bxc5 bxc5 24. Rcxc5 {Stripunsky,A (2553)
-Onischuk,A (2652) New York 2004 1-0 (62)}) 10. Rd1 ({RR} 10. e4 c6 11. Bg5 h6
12. Bd2 Qc7 13. e5 Nd5 14. Nxd5 cxd5 15. Bd3 Rfc8 16. Ne1 Nf8 17. f4 Qd8 18.
Rf3 Rc7 19. Rh3 f5 20. g4 fxg4 21. Qxg4 Kf7 22. Qh5+ Kg8 23. Rg3 Bh4 24. Rg2
Bxe1 {Zeggelaar,M (1835)-Ming,J (1412) Banff CAN 2021 1-0 (33)}) 10... Qc8 11.
e4 Bb4 $146 ({RR} 11... c5 12. d5 exd5 13. exd5 Bd6 14. Nb5 Qb8 15. Nxd6 Qxd6
16. Bg5 Rfe8 17. Qd2 Ne4 18. Qc1 Nxg5 19. Qxg5 Ne5 20. Nxe5 Rxe5 21. Qg3 Rae8
22. h4 Bxd5 23. f4 Re3 24. Qg5 h6 25. Qxd5 Qxd5 26. Bxd5 {Van der Werf,R-Fier,
L ICC INT 2009 1-0 (54)}) ({RR} 11... Re8 12. Bg5 h6 13. Bh4 a6 14. e5 Nd5 15.
Bxe7 Nxc3 16. bxc3 Rxe7 17. Rac1 c5 18. Nd2 Qc7 19. Ne4 Bxe4 20. Qxe4 Ra7 21.
f4 Nf8 22. f5 exf5 23. Qxf5 b5 24. Bb3 Ra8 25. Re1 Qb6 26. Qf2 {Balogh,T (2380)
-Veselsky,J (2200) Slovakia 2006 1/2-1/2 (42)}) 12. e5 Bxc3 13. bxc3 Nd5 14.
Bd2 c5 15. Bd3 h6 16. Qe4 N5f6 17. Qh4 Nh7 18. Bxh6 gxh6 19. Qxh6 f5 20. Qxe6+
Rf7 21. Bc4 Qe8 22. Qxf5 Kf8 23. Bxf7 Qxf7 24. Qxf7+ Kxf7 25. d5 Ke7 26. c4 Rf8
27. Re1 Rf4 28. Rad1 Rxc4 29. e6 Ndf6 30. d6+ Kd8 31. e7+ Ke8 32. d7+ Nxd7 33.
Rxd7 Bc6 34. Rd8+ Kf7 35. Ne5+ 1-0

[Event "Sampa Chess Open 2024"]
[Site "Sao Paulo"]
[Date "2024.01.30"]
[Round "3.40"]
[White "Dos Santos, Andre Vicente"]
[Black "De Brito E Silva, William"]
[Result "0-1"]
[WhiteElo "1800"]
[BlackElo "1549"]
[PlyCount "70"]
[EventDate "2024.01.29"]
[EventRounds "9"]
[EventCountry "BRA"]

1. e4 e5 2. Nf3 Nc6 3. Bc4 Bc5 4. c3 Nf6 5. d3 d6 6. Be3 Bxe3 ({RR} 6... Bb6 7.
h3 O-O ({RR} 7... h6 8. Nbd2 Qe7 9. Qe2 Bd7 10. d4 exd4 11. Bxd4 O-O 12. O-O
Ne5 13. Nxe5 dxe5 14. Bxb6 axb6 15. Nf3 Bc6 16. Bd3 Ra4 17. Rfe1 Bxe4 18. b3
Bxd3 19. Qxd3 Ra5 20. c4 Re8 21. Nd2 Raa8 22. Re3) 8. O-O d5 ({RR} 8... Ne7 9.
Qc2 Ng6 10. d4 h6 11. dxe5 dxe5 12. Bxb6 axb6 13. Nbd2 Qe7 14. Qd3 Be6 15. Qe3
Bxc4 16. Nxc4 b5 17. Na3 b4 18. Nc2 bxc3 19. bxc3 Rfd8 20. Nb4 Ra4 21. Rfd1
Rxd1+ 22. Rxd1 c5 23. Nd5) ({RR} 8... Na5 9. Nbd2 Bxe3 10. fxe3 Nxc4 11. Nxc4
b5 12. Ncd2 c5 13. a4 Ba6 14. axb5 Bxb5 15. c4 Bd7 16. b3 a5 17. Nb1 Qb6 18.
Nc3 Rfb8 19. Rb1 h6 20. Nd5 Nxd5 21. exd5 Qd8 22. Nd2 Qg5 23. Rf3) 9. exd5 Nxd5
10. Bg5 Qd6 11. Nbd2 Be6 12. Ne4 Qd7 13. Bd2 f5 14. Neg5 h6 15. Nxe6 Qxe6 16.
Bb3 Na5 17. c4 Nf6 18. Bxa5 Bxa5 19. c5 Nd5 20. a3 c6 21. Bc4 {Cabral,V (1734)
-Nunes,L (1800) Florianopolis 2024 0-1 (37)}) ({RR} 6... a6 7. Nbd2 O-O 8. O-O
Ba7 9. a4 h6 10. a5 Be6) 7. fxe3 O-O ({RR} 7... Ng4 8. Qe2 O-O 9. h3 Nh6 10. g4
Be6 11. Nbd2 Kh8 12. O-O-O Na5 13. Bd5 c6 14. Bxe6 fxe6 15. b4 c5 16. bxa5 Qxa5
17. Kb2 b5 18. Nb3 Qb6 19. Ng5 a5 20. Rb1 a4 21. Nd2 d5 22. Ka1 {Galkin,A 
(2590)-Winants,L (2516) playchess.com INT 2007 1-0 (59)}) 8. O-O Ng4 $146 ({RR
} 8... a6 9. Bb3 Re8 10. Nbd2 Na5 11. Bc2 d5 12. exd5 Nxd5 13. Qe1 h6 14. e4
Nf4 15. d4 exd4 16. cxd4 Nc6 17. Qe3 Nxd4 18. Bd1 Nfe6 19. Kh1 Nxf3 20. Nxf3
Qe7 21. Rc1 Qd6 22. Bb3 c6 23. e5 {Contessotto,E (2168)-Mareco,S San Antonio
de Padua 2001 1-0 (31)}) ({RR} 8... Bg4 9. Nbd2 Ne7 10. d4 Ng6 11. Qb3 b6 12.
Ng5 Qd7 13. Nxf7 Rxf7 14. Bxf7+ Qxf7 15. Qxf7+ Kxf7 16. Rac1 Rf8 17. c4 Kg8 18.
c5 Be6 19. cxd6 cxd6 20. d5 Bd7 21. Rc7 Bb5 22. Rfc1 a5 23. Rc8 {Semeria,
V-Fischer,M France 1996 0-1 (66)}) ({RR} 8... d5 9. exd5 Nxd5 10. Qe2 Be6 11.
Nbd2 Qe7 12. Rae1 f5 13. Nb3 Rae8 14. d4 e4 15. Bxd5 Bxd5 16. Nfd2 Be6 17. Qb5
Bc8 18. Nc5 a6 19. Nxa6 Na7 20. Qc5 bxa6 21. Qxa7 Rf6 22. Nb3 Rb6 23. Nc5 {
Grau Serra,B-Sola Porcuna,F Valencia 2004 1/2-1/2}) 9. Qe2 Na5 10. Nbd2 Nxc4
11. Nxc4 f5 12. Ncd2 f4 13. exf4 exf4 14. h3 Ne3 15. Rf2 c6 16. d4 Be6 17. Nf1
Bc4 18. Qd2 Bxf1 19. Raxf1 Nxf1 20. Rxf1 Qa5 21. a3 Rae8 22. Re1 Qb6 23. Kh1 h6
24. e5 Qd8 25. Qd3 Re6 26. Qc4 d5 27. Qd3 b5 28. Re2 Qe8 29. Nh2 Qg6 30. Qxg6
Rxg6 31. Nf3 Re6 32. Kh2 g5 33. Re1 Kg7 34. Ng1 Kg6 35. Rf1 h5 0-1

[Event "Sampa Chess Open 2024"]
[Site "Sao Paulo"]
[Date "2024.01.30"]
[Round "3.41"]
[White "Matiuci, Bernardo Steinle"]
[Black "Re, Vinicius"]
[Result "1-0"]
[WhiteElo "1546"]
[BlackElo "1177"]
[PlyCount "117"]
[EventDate "2024.01.29"]
[EventRounds "9"]
[EventCountry "BRA"]

1. d4 Nf6 2. c4 g6 3. Nc3 Bg7 4. e4 d6 5. Nf3 O-O 6. Be2 Nc6 7. h3 e5 8. d5 Ne7
9. Be3 Ne8 10. Nd2 ({RR} 10. g4 c5 11. Rg1 a6 12. a4 Kh8 13. Ra3 f5 14. gxf5
gxf5 15. Ng5 h6 16. Nf3 fxe4 17. Nh4 Nf6 18. Qd2 Kh7 19. Rxg7+ Kxg7 20. Bxh6+
Kf7 21. Qg5 Rg8 22. Bh5+ Nxh5 23. Qxh5+ Ng6 24. Nxg6 Qf6 {Hebert,J (2458)
-Gaspariants,V (2225) Quebec 2001 1-0}) ({RR} 10. g4 f5 11. gxf5 gxf5 12. exf5
Nxf5 13. Bg5 Qd7 14. Qd2 h6 15. Be3 Nxe3 16. fxe3 Nf6 17. O-O-O a6 18. Rdg1 Rb8
19. Rg6 Kh7 20. Rhg1 Rf7 21. Qc2 Qf5 22. Bd3 e4 23. Nxe4 Qxf3 24. Nxf6+ Rxf6 {
Jaskolka,T (2220)-Smietanska,W (1809) chess.com INT 2021 1-0}) 10... f5 11.
exf5 $146 ({RR} 11. f3 c6 12. Nb3 fxe4 13. fxe4 cxd5 14. cxd5 Bd7 15. Qd2 a6
16. a4 Nc8 17. a5 Qh4+ 18. Kd1 Nc7 19. Bf3 Qe7 20. h4 h5 21. Qe2 Na7 22. Na4
Qe8 23. Nb6 Bb5 24. Qc2 Rf7 25. Nxa8 Qxa8 {Umezinwa,G (2325)-Strenzwilk,D 
(2240) Philadelphia 1993 1-0 (58)}) ({RR} 11. f3 Nf6 12. O-O f4 13. Bf2 g5 14.
c5 dxc5 15. Bxc5 h5 16. Nc4 Ne8 17. d6 cxd6 18. Nxd6 Nxd6 19. Qxd6 Qxd6 20.
Bxd6 Kf7 21. Bc4+ Be6 22. Nd5 Rfc8 23. Bxe7 Rxc4 24. Bxg5 Bxd5 25. exd5 Bf6 {
Dvoryadkina,M-Krasnova,G Cherepovets 2001 0-1 (37)}) ({RR} 11. f3 fxe4 12.
Ndxe4 Nf5 13. Bf2 Nf6 14. O-O Bh6 15. Qd3 Nh5 16. Rfd1 Nf4 17. Qc2 Nxe2+ 18.
Qxe2 b6 19. Rab1 a6 20. b4 a5 21. a3 Ne7 22. c5 bxc5 23. bxc5 Ba6 24. Nb5 Rb8
25. a4 Qd7 {Klajderic,D-Suta,T (1507) Ptuj 2012 1-0 (36)}) 11... Nxf5 12. O-O
Nxe3 13. fxe3 Qg5 14. Rxf8+ Bxf8 15. Kf2 Bh6 16. Nf1 Nf6 17. Qd3 Qf5+ 18. Qxf5
Bxf5 19. Ng3 e4 20. Nxf5 gxf5 21. Rf1 Rf8 22. Nb5 f4 23. exf4 Bxf4 24. Ke1 Bg3+
25. Kd1 Be5 26. b4 c6 27. dxc6 bxc6 28. Nxa7 c5 29. b5 Ra8 30. Nc6 Bb2 31. Kc2
Rxa2 32. Kb3 Ra1 33. Kxb2 Rxf1 34. Bxf1 d5 35. b6 d4 36. b7 Nd7 37. b8=Q+ Nxb8
38. Nxb8 d3 39. Nd7 d2 40. Kc2 e3 41. Nxc5 Kf7 42. Be2 Kf6 43. Kd3 Ke5 44. Kxe3
d1=Q 45. Bxd1 Kd6 46. Kf4 Kxc5 47. Kg5 Kxc4 48. Kh6 Kd3 49. Kxh7 Ke3 50. g4 Kf4
51. h4 Kg3 52. g5 Kxh4 53. g6 Kg5 54. g7 Kh4 55. g8=Q Kh3 56. Qg4+ Kh2 57. Be2
Kh1 58. Bf3+ Kh2 59. Qg2# 1-0

[Event "Sampa Chess Open 2024"]
[Site "Sao Paulo"]
[Date "2024.01.30"]
[Round "3.42"]
[White "Terra, Bruno De Oliveira"]
[Black "Dos Santos, Felipe Zeuli Biller"]
[Result "1-0"]
[WhiteElo "1800"]
[BlackElo "1538"]
[PlyCount "93"]
[EventDate "2024.01.29"]
[EventRounds "9"]
[EventCountry "BRA"]

1. d4 d5 2. Bf4 Nf6 3. Nf3 Bf5 4. e3 e6 5. Bd3 Bxd3 6. Qxd3 c6 7. Nbd2 Bd6 8.
Bg3 ({RR} 8. Bxd6 Qxd6 9. Ne5 Nbd7 10. Nxd7 Qxd7 11. Qa3 Qe7 12. Qxe7+ {
1/2-1/2 (12) Riff,V (2332)-Genov,P (2438) Mulhouse 2010}) 8... Bxg3 ({RR} 8...
Qc7 9. Ne5 Nbd7 10. f4 c5 11. c3 cxd4 12. exd4 O-O 13. O-O b5 14. Rac1 Rac8 15.
Bh4 a6 16. Kh1 Qb7 17. a3 Rc7 18. b4 Ne4 19. Nb3 Nb6 20. Nc5 Bxc5 21. dxc5 Nc4
22. Ra1 f6 23. Nf3 {Lovric,P (2080)-Frank,V (2008) Mali Losinj CRO 2019 1-0 
(37)}) 9. hxg3 h6 10. Ne5 $146 ({RR} 10. e4 dxe4 11. Nxe4 Nxe4 12. Qxe4 Nd7 13.
O-O Nf6 14. Qe2 O-O 15. c4 Qc7 16. Rfd1 Rfd8 17. Rd3 c5 18. Rad1 cxd4 19. Rxd4
Rxd4 20. Rxd4 Rd8 21. Qd3 Rxd4 22. Qxd4 Qd7 23. Qxd7 Nxd7 24. Kf1 Kf8 {
Sorensen,H (2245)-Petersen,N (2005) Copenhagen 1994 1/2-1/2 (53)}) ({RR} 10.
Rh4 Nbd7 11. g4 Rf8 12. g3 Qe7 13. g5 hxg5 14. Nxg5 e5 15. O-O-O O-O-O 16. Rdh1
Kb8 17. Nh7 Nxh7 18. Rxh7 Rg8 19. Qf5 Qf6 20. Qxf6 Nxf6 21. R7h4 exd4 22. exd4
Rde8 23. Rf4 Re7 24. Kd1 Kc7 {Harmatosi,J (2249)-Bereczki,J (2175) Hungary
2012 1/2-1/2 (33)}) ({RR} 10. c3 Qd6 11. Ne5 Nbd7 12. f4 Qe7 13. Nxd7 Nxd7 14.
Qc2 Nf6 15. O-O-O O-O-O 16. Rde1 Rhe8 17. e4 dxe4 18. Nxe4 Nxe4 19. Rxe4 Qc7
20. Rhe1 Rd5 21. Re5 Rxe5 22. Rxe5 g6 23. Qa4 Qb6 24. Qc4 Rd8 {Srdanovic,J 
(1737)-Khachatryan,N (1422) Porec 2015 1/2-1/2 (39)}) 10... Qd6 11. Qb3 b6 12.
Ndf3 Nbd7 13. O-O O-O 14. c4 Ne4 15. cxd5 cxd5 16. Rfc1 Rfc8 17. Qa4 Nxe5 18.
Nxe5 f6 19. Nd3 Qe7 20. Rc2 b5 21. Rxc8+ Rxc8 22. Qxb5 Rc2 23. Qb8+ Kh7 24. Rc1
Rd2 25. Nf4 Rxf2 26. Rc8 Rxf4 27. gxf4 Qf7 28. Rh8+ Kg6 29. Qe8 Nd6 30. Qxf7+
Kxf7 31. Ra8 Nc4 32. Rxa7+ Kg6 33. Kf2 Nxb2 34. Re7 Nd3+ 35. Kf3 Nb4 36. a4 Nc6
37. Rxe6 Na5 38. Ra6 Nc4 39. g4 h5 40. gxh5+ Kxh5 41. Ra8 f5 42. a5 Nxa5 43.
Rxa5 g5 44. fxg5 Kxg5 45. Ra6 Kh5 46. Kf4 Kh4 47. Rh6# 1-0

[Event "Sampa Chess Open 2024"]
[Site "Sao Paulo"]
[Date "2024.01.30"]
[Round "3.44"]
[White "Nunes, Rafael Klanfer"]
[Black "Santiago, Mauro"]
[Result "1/2-1/2"]
[WhiteElo "1789"]
[BlackElo "1516"]
[PlyCount "25"]
[EventDate "2024.01.29"]
[EventRounds "9"]
[EventCountry "BRA"]

1. e4 c5 2. Bc4 d6 3. Nf3 e6 4. d4 cxd4 5. Nxd4 Nf6 6. Nc3 a6 7. Bb3 Be7 8. f3
Nbd7 ({RR} 8... O-O 9. Be3 Qc7 10. Qd2 Nc6 11. O-O-O b5 12. g4 Bb7 13. g5 Nxd4
14. Bxd4 Nh5 15. h4 b4 16. Ne2 a5 17. Ba4 d5 18. e5 Ba6 19. Nf4 Nxf4 20. Qxf4
Rfc8 21. Rh2 Bc5 22. h5 Bxd4 23. Rxd4 {Tasev,D (2272)-Begunov,K (2325) chess.
com INT 2021 0-1 (47)}) 9. Bxe6 fxe6 10. Nxe6 Qb6 $146 ({RR} 10... Qa5 11.
Nxg7+ Kf7 12. Nf5 Ne5 13. Nxe7 Kxe7 14. O-O Rg8 15. Qe1 Nc4 16. Kh1 Qh5 17. b3
Ne5 18. Nd5+ Nxd5 19. exd5 Kf7 20. Bf4 Bd7 21. Bxe5 dxe5 22. f4 e4 23. c4 Rae8
24. Qe3 Rg6 25. Rf2 {Libersan,T (2078)-Malveau,C (1980) Montreal 2005 1/2-1/2 
(39)}) ({RR} 10... Qa5 11. Nxg7+ Kf7 12. Nf5 Qc7 13. Nd5 Nxd5 14. Qxd5+ Kf6 15.
g4 Nb6 16. Qd4+ {1-0 (16) Roux,P-Launiau,S France 1996}) 11. Nxg7+ Kd8 12. Ne6+
Ke8 13. Ng7+ 1/2-1/2

[Event "Sampa Chess Open 2024"]
[Site "Sao Paulo"]
[Date "2024.01.30"]
[Round "3.47"]
[White "Brujin, Homero"]
[Black "Goncalves, Ricardo Henrique Si"]
[Result "1-0"]
[WhiteElo "1479"]
[BlackElo "1800"]
[PlyCount "109"]
[EventDate "2024.01.29"]
[EventRounds "9"]
[EventCountry "BRA"]

1. d4 d6 2. Nf3 g6 3. g3 Bg7 4. Bg2 Nf6 5. O-O O-O 6. c3 Nbd7 7. Nbd2 c5 8. e4
cxd4 9. cxd4 Qc7 10. Re1 e5 11. Nb3 ({RR} 11. d5 Nc5 12. b3 Nd3 13. Re3 Nxf2
14. Qe2 N6g4 15. Qc4 Qb6 16. Nf1 Nd1 {0-1 (16) Ortega Hermida,D (2240)-Garcia
Martinez,S (2395) Linares 2002}) 11... Re8 $146 ({RR} 11... a5 12. a4 h6 13.
Bd2 Qb6 14. Bc3 Re8 15. Ra3 Nf8 16. Qd2 Bd7 17. Bxa5 Qa7 18. Bc7 d5 19. exd5 e4
20. Ne5 Nxd5 21. Bd6 Bf5 22. a5 f6 23. Nc4 Rad8 24. Bc5 Qb8 25. Ne3 Nxe3 26.
fxe3 {Gergel,V (2202)-Dovzhenko,V (2189) Pardubice 2015 1-0 (74)}) 12. d5 b6
13. Bd2 Nc5 14. Nxc5 bxc5 15. a3 Bg4 16. Qc2 Rac8 17. Bc3 Bxf3 18. Bxf3 Qd7 19.
Bg2 Nh5 20. Rad1 f5 21. Bh3 Rf8 22. exf5 gxf5 23. Qe2 Qf7 24. b4 c4 25. Qa2 Rc7
26. b5 Nf6 27. Qd2 Qg6 28. Bg2 Bh6 29. Qc2 Nd7 30. Bb4 Rb8 31. a4 a6 32. Bh3
Rf8 33. Ba5 Rcc8 34. bxa6 Qh5 35. Bg2 f4 36. Re4 Ra8 37. Bc7 Rxa6 38. Rxc4 Nf6
39. h3 fxg3 40. fxg3 Be3+ 41. Kh2 e4 42. Rf1 Ng4+ 43. Kh1 Rxf1+ 44. Bxf1 Nf2+
45. Kh2 Ng4+ 46. Kg2 Ne5 47. Be2 Qf7 48. h4 Qf2+ 49. Kh3 Nxc4 50. Qxc4 Ra7 51.
Bxd6 Rxa4 52. Qc8+ Kg7 53. Be5+ Kf7 54. Bh5+ Ke7 55. d6# 1-0

[Event "Sampa Chess Open 2024"]
[Site "Sao Paulo"]
[Date "2024.01.30"]
[Round "3.49"]
[White "Silva, Juliana Figueira Th"]
[Black "Desideri, Ricardo Maruchi"]
[Result "0-1"]
[WhiteElo "1747"]
[BlackElo "1959"]
[PlyCount "66"]
[EventDate "2024.01.29"]
[EventRounds "9"]
[EventCountry "BRA"]

1. d4 Nf6 2. c4 g6 3. Nc3 Bg7 4. e4 d6 5. h3 O-O 6. Be3 e5 7. d5 Na6 8. Nf3 Nh5
9. g4 ({RR} 9. a3 c6 10. b4 c5 11. Nd2 b6 12. Rb1 Bd7 13. g3 Be8 14. b5 Nc7 15.
Be2 f5 16. exf5 Nf4 17. gxf4 exf4 18. Bxf4 Rxf5 19. Bg3 Bxc3 20. O-O a6 21. Bg4
axb5 22. Ne4 Bd4 23. Bxf5 gxf5 {Li,C (2700)-Rapport,R (2681) Reykjavik 2014
1-0 (33)}) 9... Nf4 10. Qd2 Nc5 $146 ({RR} 10... f5 11. gxf5 gxf5 12. Bxf4 exf4
13. O-O-O fxe4 14. Nxe4 Bf5 15. Bd3 Bxe4 16. Bxe4 Nc5 17. Qc2 Nxe4 18. Qxe4 Qf6
19. Rd2 Rae8 20. Qd3 Re7 21. Rg1 Rfe8 22. Kd1 Kh8 23. Ng5 Bh6 24. Ne6 c5 25. f3
{Aldave Aguado,A-Otano Villanueva,J (1806) Huarte 2010 1-0 (46)}) ({RR} 10...
f5 11. Nh2 Nc5 12. Bxc5 dxc5 13. O-O-O Kh8 14. Kb1 Bd7 15. Qe3 Qe7 16. Qg3 c6
17. Bd3 cxd5 18. Nxd5 Nxd5 19. cxd5 c4 20. Bc2 f4 21. Qc3 b5 22. Nf3 Qc5 23.
Qd2 b4 24. Ne1 c3 25. Nd3 {Ahmedhanov,N (1795)-Lindborg,P (2161) Vaxjo 2016 0-1
}) ({RR} 10... f5 11. gxf5 gxf5 12. Bxf4 exf4 13. Bd3 Nc5 14. exf5 Qe7+ 15. Kd1
Nxd3 16. Qxd3 Bxf5 17. Qd2 Rae8 18. Nd4 Qf6 19. Nxf5 Qxf5 20. h4 Re7 21. Nb5
Qg4+ 22. Kc1 Re2 23. Qd1 Bxb2+ 24. Kb1 Qf5+ 25. Qc2 {Zoebinger,B-Gouliev,S 
(2285) Hollabrunn 1998 0-1}) ({RR} 10... f5 11. gxf5 gxf5 12. Bxf4 exf4 13.
O-O-O Nc5 14. exf5 Bxf5 15. Nd4 Bg6 16. f3 Qd7 17. h4 Rae8 18. b4 Nd3+ 19. Bxd3
Bxd4 20. Qc2 Re3 21. h5 Bxd3 22. Rxd3 Qg7 23. h6 Qe5 24. Ne4 Rxd3 25. Qxd3 {
Muehlbauer,G (1918)-Saathoff,R (2053) Bayern 2014 1/2-1/2}) 11. O-O-O f5 12.
gxf5 gxf5 13. Nxe5 Nxe4 14. Nxe4 dxe5 15. Bxf4 exf4 16. Nc3 Qf6 17. f3 Bd7 18.
Kb1 Qe5 19. Ne2 Rae8 20. Nxf4 Bh6 21. Rg1+ Kf7 22. Nd3 Qe3 23. Qh2 f4 24. Re1
Qd4 25. Rd1 Bf5 26. Ka1 Re3 27. Nf2 Rc3 28. Be2 Qe3 29. Ne4 Rc2 30. Rge1 Bg7
31. Rb1 Qa3 32. Ng5+ Kg8 33. Rg1 Bxb2+ 0-1

[Event "Sampa Chess Open 2024"]
[Site "Sao Paulo"]
[Date "2024.01.30"]
[Round "3.50"]
[White "Navarro, Gustavo Kazuo Yura"]
[Black "Bastos, Danillo Alves"]
[Result "1/2-1/2"]
[WhiteElo "1800"]
[BlackElo "1667"]
[PlyCount "168"]
[EventDate "2024.01.29"]
[EventRounds "9"]
[EventCountry "BRA"]

1. e4 e6 2. d3 d5 3. Nd2 Nf6 4. g3 c5 5. Bg2 Nc6 6. Ngf3 Be7 7. O-O O-O 8. Re1
b6 9. Qe2 Bb7 10. b3 $146 ({RR} 10. e5 Nd7 11. Nf1 b5 12. h4 a5 13. N1h2 Qc7
14. Bf4 Rfe8 15. h5 Ba6 16. Ng4 b4 17. Qd2 c4 18. d4 Rac8 19. c3 a4 20. Nf6+
Nxf6 21. exf6 Bd6 22. Bxd6 Qxd6 23. Qg5 Qf8 24. Ne5 Nxe5 {Meyer,S (2125)-Diaz,
J Germany 1995 1-0 (36)}) ({RR} 10. e5 Nd7 11. Nf1 Rc8 12. h4 Re8 13. c3 Nf8
14. N1h2 d4 15. c4 Nb8 16. h5 a6 17. Ng4 b5 18. b3 Nbd7 19. h6 g6 20. Rb1 Qa5
21. a3 Bc6 22. Bd2 Qb6 23. Bg5 Bxg5 24. Nxg5 Bxg2 {Kekic,A (2164)-De Arruda,L 
(2038) chess.com INT 2022 1-0 (32)}) ({RR} 10. Nf1 Rc8 11. Bf4 Nh5 12. Bd2 Nf6
13. e5 Nd7 14. Bf4 Re8 15. d4 Nf8 16. Ne3 Ng6 17. Kh1 Na5 18. Nf1 c4 {1/2-1/2 
(18) Kruusiauk,H-Fomina,T Riga (Latvia) 1968}) ({RR} 10. e5 Nd7 11. h4 Rc8 12.
Nf1 Re8 13. N1h2 b5 14. c3 d4 15. Bg5 Qb6 16. Bxe7 Rxe7 17. cxd4 cxd4 18. Qd2
a5 19. Rac1 Nc5 20. Bf1 Rec7 21. Qf4 Nb4 22. Rcd1 Bxf3 23. Nxf3 Nxa2 24. Qxd4
Nb4 {Albrecht,H-Konle,W Germany 1989 1/2-1/2 (52)}) 10... Nb4 11. e5 Nxc2 12.
exf6 Bxf6 13. Rb1 Nxe1 14. Qxe1 Re8 15. Ne5 Ba6 16. Ndf3 Rc8 17. Bb2 b5 18. Rc1
Be7 19. Qd2 f6 20. Ng4 c4 21. dxc4 bxc4 22. bxc4 Bxc4 23. a3 Bb3 24. Rxc8 Qxc8
25. Qe3 Bc4 26. Nd2 Bc5 27. Qe1 Kf7 28. Nxc4 dxc4 29. Qc3 Be7 30. Bf1 Qc6 31.
Ne3 Rd8 32. Qxc4 Qb6 33. Qc2 g6 34. Qc3 Rb8 35. Nc4 Qb3 36. Qxb3 Rxb3 37. Kg2
Bc5 38. Be2 e5 39. Nd6+ Ke7 40. Nc4 Bd4 41. Bxd4 exd4 42. Bd1 Rc3 43. Na5 Kd6
44. Bf3 d3 45. Bd1 Ke5 46. Kf1 Kd4 47. Nb3+ Kc4 48. Nd2+ Kb5 49. a4+ Kb4 50.
Ne4 Rc6 51. Ke1 f5 52. Ng5 h6 53. Nf7 Kc3 54. Ne5 Rd6 55. f4 g5 56. Nf3 gxf4
57. gxf4 Rg6 58. Kf2 d2 59. h3 Re6 60. Nh4 Re1 61. Bf3 d1=Q 62. Bxd1 Rxd1 63.
Nxf5 Rd5 64. Ne3 Rd2+ 65. Kf3 Kd4 66. Nf5+ Kd5 67. Nxh6 Ke6 68. Kg4 Kf6 69. Nf5
Rg2+ 70. Ng3 Ra2 71. h4 Rxa4 72. Ne2 a5 73. Nc3 Ra1 74. Nd5+ Kf7 75. Kf5 a4 76.
h5 a3 77. h6 a2 78. Nc3 Rh1 79. Nxa2 Rxh6 80. Nc3 Ra6 81. Kg5 Rg6+ 82. Kf5 Rf6+
83. Ke4 Re6+ 84. Kf3 Kf6 1/2-1/2

[Event "Sampa Chess Open 2024"]
[Site "Sao Paulo"]
[Date "2024.01.30"]
[Round "3.51"]
[White "Moreira, Paulo Vinicius Mace"]
[Black "Santana, Expedito"]
[Result "1-0"]
[WhiteElo "1711"]
[BlackElo "1408"]
[PlyCount "101"]
[EventDate "2024.01.29"]
[EventRounds "9"]
[EventCountry "BRA"]

1. d4 d5 2. Nf3 Nf6 3. c4 c6 4. g3 Bf5 5. Bg2 e6 6. O-O Bd6 7. Bf4 Bxf4 8. gxf4
O-O ({RR} 8... Qb6 9. Qc1 Nbd7 10. Nbd2 O-O 11. Kh1 c5 12. Nb3 dxc4 13. Qxc4
cxd4 14. Qxd4 Be4 15. Qxb6 Nxb6 16. Nc5 Bd5 17. Ne5 Bxg2+ 18. Kxg2 Nbd5 19. e3
b6 20. Nb3 Rfc8 21. Rac1 Ne7 22. Nd4 Nfd5 23. Kf3 {Liang,J (1738)-Kelly,A 
(1847) Sunningdale 2013 1/2-1/2 (39)}) 9. Nbd2 Nbd7 10. Ne5 $146 ({RR} 10. Qb3
Ne4 11. Qe3 Qb6 12. b3 Qa5 13. Rfe1 Ndf6 14. h3 Rfd8 15. a3 c5 16. b4 cxb4 17.
Ng5 Nd6 18. c5 Nb5 19. Nb3 Qa4 20. c6 b6 21. axb4 Qxb4 22. Nf3 a5 23. Ne5 a4
24. Nd2 Qxd4 {Krylov,A (2103)-Krylov,K (2204) St Petersburg 2006 0-1}) 10...
Ne4 11. Nxe4 Bxe4 12. f3 Bg6 13. Qb3 Rb8 14. Rad1 dxc4 15. Qxc4 Nb6 16. Qb3 Nd5
17. e3 Qc7 18. Rfe1 Rfd8 19. Qa4 Ra8 20. Rc1 Qb6 21. Nxg6 hxg6 22. Re2 Nxf4 23.
Rd2 Nd5 24. Re1 c5 25. f4 cxd4 26. Qxd4 Qxd4 27. Rxd4 Rac8 28. Red1 Re8 29. Kf2
Rc2+ 30. R1d2 Rxd2+ 31. Rxd2 Rc8 32. Ke2 Rd8 33. Ke1 Rc8 34. Bxd5 exd5 35. Rxd5
Rc2 36. Rd2 Rc1+ 37. Ke2 Rc7 38. Rd8+ Kh7 39. Kd2 f6 40. Kd3 g5 41. fxg5 fxg5
42. Rd4 Rf7 43. h4 gxh4 44. Rxh4+ Kg6 45. Ra4 b6 46. Kd4 Kh5 47. e4 g5 48. Ra3
g4 49. e5 Rd7+ 50. Ke4 Kg5 51. e6 1-0